000
00296nam a22001337a 4500
008
170802b xxu||||| |||| 00| 0 eng d
020
_a
9780201310023
041
_a
eng
080
_2
2ND
_a
004
100
_a
32
101
_a
SHK
245
_a
THE JAVA CLASS LIBRARIES
_c
CHAN.P
942
_2
udc
_c
BK
999
_c
22476
_d
22476